Creative Cities Quiz Stats

 Plays Quiz not verified by Sporcle

Score 0/11 Timer 04:00
0 Plays Today
# City % Correct
9New York
98.8%
1San Francisco
85.2%
5Seattle
81.6%
3Boston
78.3%
3San Diego
70.5%
8Washington-Baltimore
68.9%
10Dallas
68.9%
7Houston
66.4%
2Austin
57.8%
10Minneapolis-St Paul
52%
6Raleigh-Durham
25.8%

You're not logged in!

Compare scores with friends on all Sporcle quizzes.
OR
Log In

Show Comments

Extras

Top Quizzes Today


Score Distribution

Your Account Isn't Verified!

In order to create a playlist on Sporcle, you need to verify the email address you used during registration. Go to your Sporcle Settings to finish the process.

Report this User

Report this user for behavior that violates our Community Guidelines.

Details: